[Event "Hampshire Open"]
[Site "Eastleigh"]
[Date "2009.11.06"]
[Round "1"]
[White "Butcher, Doug"]
[Black "Tunks, Dominic R"]
[Result "0-1"]
[WhiteElo "1896"]
[BlackElo "2136"]
[PlyCount "86"]
[EventDate "2009.11.06"]
[EventType "swiss"]
[EventRounds "6"]
[EventCountry "ENG"]
[SourceTitle "BritBase"]
[Source "John Saunders"]
[SourceDate "2025.01.31"]
[SourceVersion "1"]
[SourceVersionDate "2025.01.31"]
[SourceQuality "1"]

1. Nf3 Nf6 2. b3 d6 3. Bb2 e5 4. d3 Bg4 5. Nbd2 Nbd7 6. h3 Be6 7. e3 h6 8. Be2 c6 9. O-O Be7 10. c4 O-O 11. Rc1 a5 12. a3 Bf5 13. Nh4 Bh7 14. Nhf3 Re8 15. Re1 Bf8 16. d4 Qb8 17. Nh2 b5 18. Ng4 b4 19. Nxf6+ Nxf6 20. Bf3 e4 21. Be2 bxa3 22. Bxa3 Qb7 23. Qc2 Qd7 24. Ra1 h5 25. Bb2 Qf5 26. Ra2 h4 27. Rea1 g5 28. Qd1 Bg6 29. Bc3 Kh7 30. Rxa5 Rxa5 31. Rxa5 d5 32. c5 Qd7 33. Qa1 g4 34. Ra7 Qf5 35. hxg4 Nxg4 36. Bxg4 Qxg4 37. Kf1 Bh5 38. Qe1 Bh6 39. Rc7 Rg8 40. g3 Qh3+ 41. Kg1 hxg3 42. f4 Qh2+ 43. Kf1 g2+ 0-1

[Event "Hampshire Open"]
[Site "Eastleigh"]
[Date "2009.11.06"]
[Round "1"]
[White "Kawuma, Steven Male"]
[Black "Cordner, David A"]
[Result "1-0"]
[WhiteElo "2192"]
[BlackElo "1952"]
[PlyCount "37"]
[EventDate "2009.11.06"]
[EventType "swiss"]
[EventRounds "6"]
[EventCountry "ENG"]
[SourceTitle "BritBase"]
[Source "John Saunders"]
[SourceDate "2025.01.31"]
[SourceVersion "1"]
[SourceVersionDate "2025.01.31"]
[SourceQuality "1"]

1. e4 e5 2. Nf3 Nc6 3. d4 exd4 4. Nxd4 Qh4 5. Qd3 Nxd4 6. Qxd4 Ne7 7. Bc4 Nc6 8. Qd5 Qe7 9. O-O d6 10. Nc3 Be6 11. Qb5 O-O-O 12. Nd5 Qd7 13. Qa4 Bxd5 14. exd5 Ne5 15. Qxa7 Qg4 16. Bb5 c6 17. dxc6 Nxc6 18. Bxc6 bxc6 19. Bd2 1-0

[Event "Hampshire Open"]
[Site "Eastleigh"]
[Date "2009.11.06"]
[Round "1"]
[White "Lawson, Maurice E"]
[Black "Davies, Edward G"]
[Result "1/2-1/2"]
[WhiteElo "2016"]
[BlackElo "1784"]
[PlyCount "105"]
[EventDate "2009.11.06"]
[EventType "swiss"]
[EventRounds "6"]
[EventCountry "ENG"]
[SourceTitle "BritBase"]
[Source "John Saunders"]
[SourceDate "2025.01.31"]
[SourceVersion "1"]
[SourceVersionDate "2025.01.31"]
[SourceQuality "1"]

1. e4 c6 2. d4 d5 3. f3 e6 4. Be3 b6 5. Nd2 Ba6 6. Nh3 Bxf1 7. Rxf1 Nd7 8. Qe2 g6 9. O-O-O Qc7 10. Bg5 Be7 11. Bf4 Bd6 12. e5 Bf8 13. Kb1 Ne7 14. g4 h6 15. Bg3 O-O-O 16. f4 Kb8 17. Rf3 Kb7 18. Rdf1 Qc8 19. Bh4 h5 20. Ra3 b5 21. Ng5 hxg4 22. Nxf7 Rxh4 23. Nd6+ Kb6 24. Nxc8+ Rxc8 25. b4 Nf5 26. c3 Be7 27. Nb3 g3 28. Nc5 Nxc5 29. bxc5+ Kb7 30. hxg3 Nxg3 31. Qd3 Nxf1 32. Qxg6 Nd2+ 33. Kc2 Nc4 34. Qxe6 Nxa3+ 35. Kb3 Rxf4 36. Qxe7+ Rc7 37. Qg5 Rf3 38. Kxa3 Rxc3+ 39. Kb4 Rd3 40. Qf4 a5+ 41. Kxa5 Ra3+ 42. Kb4 Rxa2 43. e6 Re2 44. Qd6 Re4 45. Kc3 Re3+ 46. Kd2 Re4 47. Kc3 Rh7 48. Kd3 Rh3+ 49. Kc2 Rh7 50. Kd3 Rh3+ 51. Kc2 Rh7 52. Kd3 Rh3+ 53. Kc2 1/2-1/2

[Event "Hampshire Open"]
[Site "Eastleigh"]
[Date "2009.11.06"]
[Round "1"]
[White "Pye, David E"]
[Black "Dallas, Peter L"]
[Result "1-0"]
[WhiteElo "2040"]
[BlackElo "1824"]
[PlyCount "41"]
[EventDate "2009.11.06"]
[EventType "swiss"]
[EventRounds "6"]
[EventCountry "ENG"]
[SourceTitle "BritBase"]
[Source "John Saunders"]
[SourceDate "2025.01.31"]
[SourceVersion "1"]
[SourceVersionDate "2025.01.31"]
[SourceQuality "1"]

1. e4 g6 2. d4 Bg7 3. Nc3 d6 4. Bg5 c6 5. Qd2 Qb6 6. O-O-O Nd7 7. f4 f6 8. Bh4 e5 9. dxe5 dxe5 10. Bf2 Qa5 11. Nf3 exf4 12. Kb1 g5 13. g3 Ne5 14. Nxe5 fxe5 15. h4 h6 16. hxg5 hxg5 17. Rxh8 Bxh8 18. Qd6 Bf6 19. Bc5 Be7 20. Qg6+ Kf8 21. Bc4 1-0

[Event "Hampshire Open"]
[Site "Eastleigh"]
[Date "2009.11.06"]
[Round "1"]
[White "Edney, Richard H"]
[Black "McDougall, Andrew"]
[Result "0-1"]
[WhiteElo "1864"]
[BlackElo "2072"]
[PlyCount "82"]
[EventDate "2009.11.06"]
[EventType "swiss"]
[EventRounds "6"]
[EventCountry "ENG"]
[SourceTitle "BritBase"]
[Source "John Saunders"]
[SourceDate "2025.01.31"]
[SourceVersion "1"]
[SourceVersionDate "2025.01.31"]
[SourceQuality "1"]

1. d4 Nf6 2. Bg5 d5 3. Bxf6 gxf6 4. c4 dxc4 5. e3 c5 6. Bxc4 cxd4 7. exd4 Nc6 8. Ne2 Bg7 9. Nbc3 O-O 10. Qd2 f5 11. Rd1 a6 12. a4 Qd6 13. O-O Rd8 14. d5 Ne5 15. Ba2 Bd7 16. Rfe1 Rac8 17. Qf4 Bh6 18. Qd4 Ng4 19. g3 Bg7 20. Qd2 b5 21. axb5 axb5 22. Nf4 b4 23. Nce2 Ba4 24. Rc1 Rxc1 25. Rxc1 e5 26. Nh3 h6 27. Bc4 Nf6 28. b3 Bd7 29. Rd1 f4 30. Nhxf4 exf4 31. Nxf4 Ne4 32. Qe3 Re8 33. Qf3 Ng5 34. Qd3 Qe5 35. Qb1 Bg4 36. Rc1 Nf3+ 37. Kg2 Ne1+ 38. Kg1 Nf3+ 39. Kg2 Bf5 40. Bd3 Bxd3 41. Qxd3 Ne1+ 0-1

[Event "Hampshire Open"]
[Site "Eastleigh"]
[Date "2009.11.06"]
[Round "1"]
[White "Hurn, Paul AT"]
[Black "Pleasants, Allan J"]
[Result "0-1"]
[WhiteElo "1816"]
[BlackElo "2040"]
[PlyCount "48"]
[EventDate "2009.11.06"]
[EventType "swiss"]
[EventRounds "6"]
[EventCountry "ENG"]
[SourceTitle "BritBase"]
[Source "John Saunders"]
[SourceDate "2025.01.31"]
[SourceVersion "1"]
[SourceVersionDate "2025.01.31"]
[SourceQuality "1"]

1. e4 c5 2. Nc3 Nc6 3. f4 g6 4. Nf3 Bg7 5. Bc4 d6 6. O-O e6 7. d3 Nge7 8. Qe1 Nd4 9. Nxd4 cxd4 10. Ne2 Bd7 11. f5 gxf5 12. exf5 Nxf5 13. Rxf5 exf5 14. Nxd4+ Qe7 15. Bg5 Bxd4+ 16. Kh1 Qxe1+ 17. Rxe1+ Be6 18. Bb5+ Kf8 19. Bh6+ Ke7 20. c3 Bf6 21. d4 d5 22. c4 Rhd8 23. Bd2 Kf8 24. Bh6+ Kg8 0-1

[Event "Hampshire Open"]
[Site "Eastleigh"]
[Date "2009.11.06"]
[Round "1"]
[White "Kawuma, Moses"]
[Black "Fowler, David W"]
[Result "1/2-1/2"]
[WhiteElo "2152"]
[BlackElo "1912"]
[PlyCount "82"]
[EventDate "2009.11.06"]
[EventType "swiss"]
[EventRounds "6"]
[EventCountry "ENG"]
[SourceTitle "BritBase"]
[Source "John Saunders"]
[SourceDate "2025.01.31"]
[SourceVersion "1"]
[SourceVersionDate "2025.01.31"]
[SourceQuality "1"]

1. d4 Nf6 2. Nf3 e6 3. Bg5 h6 4. Bh4 d5 5. e3 Nbd7 6. Bd3 g5 7. Bg3 Nh5 8. c4 Nxg3 9. hxg3 c6 10. Nc3 Bg7 11. e4 dxc4 12. Bxc4 b5 13. Bb3 b4 14. Ne2 Bb7 15. O-O O-O 16. Qd2 a5 17. Rac1 Qb6 18. Ba4 Rfd8 19. Qe3 Rac8 20. Rc2 c5 21. Rfc1 cxd4 22. Nfxd4 Rxc2 23. Bxc2 Nb8 24. Rd1 Nc6 25. Nxc6 Rxd1+ 26. Bxd1 Qxe3 27. fxe3 Bxc6 28. Nd4 Bxd4 29. exd4 Bxe4 30. Kf2 Kf8 31. g4 Ke7 32. g3 Kd6 33. Ke3 Bd5 34. a3 e5 35. axb4 axb4 36. Be2 f6 37. Bd1 Be6 38. Ke4 exd4 39. Kxd4 f5 40. gxf5 {(=)} Bxf5 41. Kc4 Ke5 1/2-1/2

[Event "Hampshire Open"]
[Site "Eastleigh"]
[Date "2009.11.06"]
[Round "1"]
[White "McMaster, Richard G"]
[Black "Lock, Gavin R"]
[Result "1/2-1/2"]
[WhiteElo "1928"]
[BlackElo "2160"]
[PlyCount "53"]
[EventDate "2009.11.06"]
[EventType "swiss"]
[EventRounds "6"]
[EventCountry "ENG"]
[SourceTitle "BritBase"]
[Source "John Saunders"]
[SourceDate "2025.01.31"]
[SourceVersion "1"]
[SourceVersionDate "2025.01.31"]
[SourceQuality "1"]

1. d4 f5 2. Nc3 d5 3. e4 dxe4 4. f3 Nf6 5. fxe4 fxe4 6. Bg5 Bf5 7. Qd2 e6 8. O-O-O Nc6 9. Bb5 Qd6 10. Bxf6 gxf6 11. Qe3 h5 12. Nxe4 {(=)} Bh6 13. Nxd6+ cxd6 14. Qxh6 Rxh6 15. Nf3 d5 16. Rhe1 Kd7 17. Bd3 Ne7 18. Nh4 Bxd3 19. Rxd3 Rg8 20. Rde3 f5 21. g3 Rg4 22. Nf3 Nc6 23. c3 Kd6 24. Kd1 Rhg6 25. Nh4 Rh6 26. Nf3 Rhg6 27. Nh4 1/2-1/2

[Event "Hampshire Open"]
[Site "Eastleigh"]
[Date "2009.11.06"]
[Round "1"]
[White "Moore, Gillian A"]
[Black "Fraser-Mitchell, Jeremy N"]
[Result "0-1"]
[WhiteElo "1752"]
[BlackElo "1992"]
[PlyCount "116"]
[EventDate "2009.11.06"]
[EventType "swiss"]
[EventRounds "6"]
[EventCountry "ENG"]
[SourceTitle "BritBase"]
[Source "John Saunders"]
[SourceDate "2025.01.31"]
[SourceVersion "1"]
[SourceVersionDate "2025.01.31"]
[SourceQuality "1"]

1. d4 f5 2. e4 fxe4 3. Nc3 Nf6 4. Bg5 Nc6 5. d5 Ne5 6. Bxf6 gxf6 7. Qh5+ Nf7 8. Nxe4 Bh6 9. Bd3 c6 10. Nc3 cxd5 11. Nxd5 e6 12. Ne3 Bxe3 13. fxe3 Qb6 14. O-O-O Qxe3+ 15. Kb1 Qh6 16. Qxh6 Nxh6 17. Nf3 a6 18. c4 b6 19. Rd2 Bb7 20. h3 O-O-O 21. Rhd1 Nf7 22. Bc2 f5 23. Ne1 Ne5 24. b3 Rhg8 25. Re2 Ng6 26. g3 Rg7 27. b4 Ne7 28. Re3 Rdg8 29. Ba4 Be4+ 30. Kb2 d5 31. g4 fxg4 32. hxg4 Rxg4 33. Bc2 Bxc2 34. Kxc2 Rxc4+ 35. Kb3 Rg6 36. Nd3 Nc6 37. a3 Rg2 38. Ne1 Rg6 39. Nd3 h5 40. Rf1 h4 41. Rf8+ Kc7 42. Rh8 Kd6 43. Ra8 a5 44. b5 Nd4+ 45. Kb2 Rc2+ 46. Kb1 Rg1+ 47. Re1 Rxe1+ 48. Nxe1 Re2 49. Nd3 Nxb5 50. Nc1 Nc3+ 51. Ka1 Rc2 52. Rc8 Kd7 53. Rh8 Rxc1+ 54. Kb2 Ne2 55. Rxh4 Rc4 56. Rh2 Nf4 57. Rh7+ Kd6 58. Kb1 d4 0-1

[Event "Hampshire Open"]
[Site "Eastleigh"]
[Date "2009.11.06"]
[Round "1"]
[White "Yeo, Michael J"]
[Black "Anderson, Thomas R"]
[Result "1-0"]
[WhiteElo "2136"]
[BlackElo "1880"]
[PlyCount "51"]
[EventDate "2009.11.06"]
[EventType "swiss"]
[EventRounds "6"]
[EventCountry "ENG"]
[SourceTitle "BritBase"]
[Source "John Saunders"]
[SourceDate "2025.01.31"]
[SourceVersion "1"]
[SourceVersionDate "2025.01.31"]
[SourceQuality "1"]

1. e4 c5 2. Nf3 e6 3. d4 cxd4 4. Nxd4 Nf6 5. Nc3 d6 6. Bg5 Be7 7. Qd2 a6 8. O-O-O h6 9. Bh4 b5 10. Bd3 Bb7 11. f4 b4 12. Nce2 Nxe4 13. Bxe7 Qxe7 14. Bxe4 Bxe4 15. Ng3 Bd5 16. Ndf5 Qc7 17. Nxg7+ Kf8 18. N7h5 b3 19. axb3 Nd7 20. f5 a5 21. fxe6 Bxe6 22. Qxd6+ Qxd6 23. Rxd6 a4 24. Re1 axb3 25. Rexe6 bxc2 26. Re3 1-0

[Event "Hampshire Open"]
[Site "Eastleigh"]
[Date "2009.11.07"]
[Round "2"]
[White "Cordner, David A"]
[Black "Moore, Gillian A"]
[Result "1-0"]
[WhiteElo "1952"]
[BlackElo "1752"]
[PlyCount "107"]
[EventDate "2009.11.06"]
[EventType "swiss"]
[EventRounds "6"]
[EventCountry "ENG"]
[SourceTitle "BritBase"]
[Source "John Saunders"]
[SourceDate "2025.01.31"]
[SourceVersion "1"]
[SourceVersionDate "2025.01.31"]
[SourceQuality "1"]

1. d4 d5 2. c4 c6 3. Nf3 Nf6 4. Nc3 dxc4 5. a4 Bg4 6. Ne5 Bf5 7. f3 e6 8. e4 Bg6 9. Bxc4 Qc7 10. Bf4 Nh5 11. Nxg6 Nxf4 12. Nxh8 Nxg2+ 13. Kf2 Nf4 14. e5 Nd7 15. Re1 Be7 16. Re4 Bg5 17. Ne2 Nxe2 18. Qxe2 Ke7 19. f4 Bh6 20. Nxf7 Kxf7 21. f5 Rf8 22. Kg2 Ke7 23. Bxe6 Nb6 24. Qc2 Qd8 25. Qc5+ Ke8 26. Rg4 a6 27. b3 Nd5 28. Bxd5 cxd5 29. Rf1 Rf7 30. Qd6 Qxd6 31. exd6 Kd7 32. Rg3 Kxd6 33. Rgf3 Bg5 34. Re1 Bf6 35. Re6+ Kc7 36. Rc3+ Kd8 37. Rd6+ Rd7 38. Rxd7+ Kxd7 39. Rd3 Kd6 40. Kf3 Bd8 41. Rd1 Bb6 42. Ke3 Bd8 43. Kd3 Bg5 44. Rg1 Bf6 45. Rc1 Bd8 46. Rc2 Bc7 47. Rg2 Kc6 48. h3 b5 49. Rxg7 bxa4 50. bxa4 h5 51. f6 Bd6 52. f7 Kb6 53. Rg6 Kc7 54. Rxd6 1-0

[Event "Hampshire Open"]
[Site "Eastleigh"]
[Date "2009.11.07"]
[Round "2"]
[White "Davies, Edward G"]
[Black "McDougall, William M"]
[Result "1-0"]
[WhiteElo "1784"]
[BlackElo "2040"]
[PlyCount "67"]
[EventDate "2009.11.06"]
[EventType "swiss"]
[EventRounds "6"]
[EventCountry "ENG"]
[SourceTitle "BritBase"]
[Source "John Saunders"]
[SourceDate "2025.01.31"]
[SourceVersion "1"]
[SourceVersionDate "2025.01.31"]
[SourceQuality "1"]

1. e4 c5 2. Nc3 a6 3. g3 b5 4. Bg2 Bb7 5. d3 e6 6. Nf3 d6 7. Qe2 Nf6 8. Bd2 Be7 9. O-O Nc6 10. Nd1 O-O 11. c3 Qb6 12. Ne3 Rfe8 13. Rfe1 a5 14. h3 a4 15. Ng4 a3 16. Nxf6+ Bxf6 17. b3 b4 18. Rac1 bxc3 19. Bxc3 Bxc3 20. Rxc3 Nd4 21. Nxd4 cxd4 22. Rc2 Rec8 23. Rec1 Qb5 24. Rc7 Rxc7 25. Rxc7 Rc8 26. Qc2 Rxc7 27. Qxc7 h6 28. Qd8+ Kh7 29. Qc7 Kg6 30. Bf3 h5 31. h4 Ba6 32. Bxh5+ Kxh5 33. Qxf7+ Kg4 34. Kg2 1-0

[Event "Hampshire Open"]
[Site "Eastleigh"]
[Date "2009.11.07"]
[Round "2"]
[White "Dallas, Peter L"]
[Black "Edney, Richard H"]
[Result "1-0"]
[WhiteElo "1824"]
[BlackElo "1864"]
[PlyCount "108"]
[EventDate "2009.11.06"]
[EventType "swiss"]
[EventRounds "6"]
[EventCountry "ENG"]
[SourceTitle "BritBase"]
[Source "John Saunders"]
[SourceDate "2025.01.31"]
[SourceVersion "1"]
[SourceVersionDate "2025.01.31"]
[SourceQuality "1"]

1. Nf3 d6 2. d3 g6 3. g3 Bg7 4. Bg2 Nf6 5. O-O O-O 6. Nbd2 e5 7. e4 c6 8. Nc4 b5 9. Ne3 Qc7 10. Ne1 Nbd7 11. f4 exf4 12. gxf4 Bb7 13. Qf3 Rae8 14. Qh3 Bc8 15. Qh4 a5 16. a3 c5 17. Nf3 c4 18. Ng5 Qc5 19. Kh1 h6 20. Nf3 cxd3 21. cxd3 Bb7 22. Bd2 Qb6 23. Nd1 b4 24. axb4 axb4 25. Rg1 Nxe4 26. Be3 Ng3+ 27. Qxg3 Rxe3 28. Nxe3 Qxe3 29. Rge1 Qxd3 30. Rad1 Qb3 31. Rxd6 Nf6 32. Ne5 Bxg2+ 33. Qxg2 Re8 34. Qc6 Rf8 35. Rxf6 Bxf6 36. Qxf6 Qd5+ 37. Kg1 Qd4+ 38. Kf1 Qxb2 39. Nd7 Qxf6 40. Nxf6+ Kg7 41. Nd7 Rd8 42. Nc5 Rd5 43. Re5 Rd4 44. Re4 Rd2 45. Kg1 Rb2 46. Nd3 Rb1+ 47. Kg2 b3 48. Re2 Rd1 49. Nc5 Rb1 50. Kf3 Rf1+ 51. Ke3 Rc1 52. Kd4 Rf1 53. Nd3 Rf3 54. Re7 h5 {Remaining moves unreadable, 1-0, 79.} 1-0

[Event "Hampshire Open"]
[Site "Eastleigh"]
[Date "2009.11.07"]
[Round "2"]
[White "Anderson, Thomas R"]
[Black "Hurn, Paul AT"]
[Result "1-0"]
[WhiteElo "1880"]
[BlackElo "1816"]
[PlyCount "65"]
[EventDate "2009.11.06"]
[EventType "swiss"]
[EventRounds "6"]
[EventCountry "ENG"]
[SourceTitle "BritBase"]
[Source "John Saunders"]
[SourceDate "2025.01.31"]
[SourceVersion "1"]
[SourceVersionDate "2025.01.31"]
[SourceQuality "1"]

1. d4 e6 2. c4 Bb4+ 3. Bd2 Qe7 4. e4 d5 5. e5 dxc4 6. Nf3 Bxd2+ 7. Qxd2 c5 8. Nc3 cxd4 9. Nxd4 Nd7 10. Nf3 Nh6 11. Bxc4 a6 12. Ne4 O-O 13. O-O b5 14. Be2 Nf5 15. a4 Bb7 16. Nd6 Nc5 17. Qb4 Nxa4 18. Rxa4 bxa4 19. Qxb7 Qxb7 20. Nxb7 Rfb8 21. Nc5 Rxb2 22. Bd3 a3 23. Ra1 Rc8 24. g4 Rxc5 25. gxf5 a2 26. Kg2 a5 27. h4 a4 28. fxe6 fxe6 29. Kg3 Rc3 30. Be4 Re2 31. Bb7 Rb3 32. Ba6 Rxf2 33. Kxf2 1-0

[Event "Hampshire Open"]
[Site "Eastleigh"]
[Date "2009.11.07"]
[Round "2"]
[White "Fowler, David W"]
[Black "McMaster, Richard G"]
[Result "0-1"]
[WhiteElo "1912"]
[BlackElo "1928"]
[PlyCount "66"]
[EventDate "2009.11.06"]
[EventType "swiss"]
[EventRounds "6"]
[EventCountry "ENG"]
[SourceTitle "BritBase"]
[Source "John Saunders"]
[SourceDate "2025.01.31"]
[SourceVersion "1"]
[SourceVersionDate "2025.01.31"]
[SourceQuality "1"]

1. d4 f5 2. Nc3 d5 3. Nh3 Be6 4. Ng5 Qd7 5. Bf4 c6 6. e3 Nh6 7. Bd3 Nf7 8. Nxe6 Qxe6 9. O-O Nd7 10. Ne2 h5 11. h4 Qf6 12. c4 e6 13. cxd5 exd5 14. Qb3 Nd6 15. Bxd6 Bxd6 16. Qxb7 Rb8 17. Qxa7 Qxh4 18. Nf4 Nf6 19. Bxf5 O-O 20. g3 Qg5 21. Ne6 Qh6 22. Nxf8 Rxf8 23. Kg2 Qg5 24. Be6+ Kh7 25. f4 Qg6 26. Rh1 Qe4+ 27. Kf2 Qxe6 28. Rae1 Qg4 29. Reg1 Ne4+ 30. Ke1 Qf3 31. Rh2 Qxe3+ 32. Kf1 Qf3+ 33. Ke1 Bb4+ 0-1

[Event "Hampshire Open"]
[Site "Eastleigh"]
[Date "2009.11.07"]
[Round "2"]
[White "Fraser-Mitchell, Jeremy N"]
[Black "Kawuma, Moses"]
[Result "1/2-1/2"]
[WhiteElo "1992"]
[BlackElo "2152"]
[PlyCount "38"]
[EventDate "2009.11.06"]
[EventType "swiss"]
[EventRounds "6"]
[EventCountry "ENG"]
[SourceTitle "BritBase"]
[Source "John Saunders"]
[SourceDate "2025.01.31"]
[SourceVersion "1"]
[SourceVersionDate "2025.01.31"]
[SourceQuality "1"]

1. d4 Nf6 2. c4 c5 3. d5 b5 4. cxb5 a6 5. Nc3 axb5 6. e4 d6 7. Bxb5+ Bd7 8. Bc4 g6 9. Nf3 Bg7 10. O-O Bg4 11. h3 Bxf3 12. Qxf3 O-O 13. Qe2 Nbd7 14. a4 Qb6 15. Bb5 Rfd8 16. Bg5 h6 17. Be3 Qa5 18. f3 Ne8 19. Rac1 Nc7 1/2-1/2

[Event "Hampshire Open"]
[Site "Eastleigh"]
[Date "2009.11.07"]
[Round "2"]
[White "Lock, Gavin R"]
[Black "Abbott, Mark V"]
[Result "1/2-1/2"]
[WhiteElo "2160"]
[BlackElo "1992"]
[PlyCount "58"]
[EventDate "2009.11.06"]
[EventType "swiss"]
[EventRounds "6"]
[EventCountry "ENG"]
[SourceTitle "BritBase"]
[Source "John Saunders"]
[SourceDate "2025.01.31"]
[SourceVersion "1"]
[SourceVersionDate "2025.01.31"]
[SourceQuality "1"]

1. d4 Nf6 2. Nf3 c5 3. d5 g6 4. Nc3 Bg7 5. e4 d6 6. Bb5+ Bd7 7. a4 Na6 8. O-O Nc7 9. Be2 O-O 10. h3 b6 11. Bf4 a6 12. e5 Nfe8 13. Qd2 b5 14. axb5 axb5 15. Ne4 Rxa1 16. Rxa1 Bf5 17. Ng3 dxe5 18. Bxe5 Bxe5 19. Nxe5 Qd6 20. Nc6 Ng7 21. Bf3 e6 22. Rd1 exd5 23. Bxd5 Nxd5 24. Nxf5 Nxf5 25. Qxd5 Qf6 26. c3 Re8 27. Na7 Re2 28. Qxc5 Rxb2 29. Nxb5 Kg7 1/2-1/2

[Event "Hampshire Open"]
[Site "Eastleigh"]
[Date "2009.11.07"]
[Round "2"]
[White "McDougall, Andrew"]
[Black "Yeo, Michael J"]
[Result "0-1"]
[WhiteElo "2072"]
[BlackElo "2136"]
[PlyCount "66"]
[EventDate "2009.11.06"]
[EventType "swiss"]
[EventRounds "6"]
[EventCountry "ENG"]
[SourceTitle "BritBase"]
[Source "John Saunders"]
[SourceDate "2025.01.31"]
[SourceVersion "1"]
[SourceVersionDate "2025.01.31"]
[SourceQuality "1"]

1. e4 e5 2. Nf3 Nc6 3. Bb5 a6 4. Ba4 d6 5. O-O Bg4 6. d3 Qf6 7. c3 Nge7 8. h3 Bxf3 9. Qxf3 Qxf3 10. gxf3 g5 11. Kh2 h6 12. Na3 Ng6 13. Bxc6+ bxc6 14. Nc2 Nh4 15. Ne1 Be7 16. Rg1 O-O-O 17. Be3 f5 18. Rd1 d5 19. exf5 d4 20. Bc1 Rhf8 21. Rg4 Rxf5 22. Re4 Bd6 23. Kg3 Rdf8 24. Rd2 Bc5 25. c4 Bb4 26. Rde2 Bxe1 27. Rxe1 Rxf3+ 28. Kg4 Ng6 29. Kh5 R8f6 30. Kxh6 Nf4+ 31. Kxg5 Nxd3 32. Rg1 Nxf2 33. Rh4 R3f5# 0-1

[Event "Hampshire Open"]
[Site "Eastleigh"]
[Date "2009.11.07"]
[Round "2"]
[White "Pleasants, Allan J"]
[Black "Kawuma, Steven Male"]
[Result "0-1"]
[WhiteElo "2040"]
[BlackElo "2192"]
[PlyCount "72"]
[EventDate "2009.11.06"]
[EventType "swiss"]
[EventRounds "6"]
[EventCountry "ENG"]
[SourceTitle "BritBase"]
[Source "John Saunders"]
[SourceDate "2025.01.31"]
[SourceVersion "1"]
[SourceVersionDate "2025.01.31"]
[SourceQuality "1"]

1. Nf3 Nf6 2. g3 g6 3. Bg2 Bg7 4. O-O O-O 5. c4 d6 6. Nc3 c6 7. d4 Qa5 8. Qd3 Qh5 9. Re1 Bg4 10. e4 Nbd7 11. e5 dxe5 12. Nxe5 Nxe5 13. dxe5 Nd7 14. f4 Nc5 15. Qe3 Ne6 16. Ne4 Rfd8 17. Qf2 Nd4 18. Be3 Nf3+ 19. Bxf3 Bxf3 20. Ng5 Bg4 21. Bxa7 Rxa7 22. Qxa7 Rd2 23. h4 Bf3 24. Qe3 Rg2+ 25. Kf1 Rxg3 26. Qf2 Bg2+ 27. Qxg2 Rxg2 28. Kxg2 Qg4+ 29. Kf2 Qxf4+ 30. Nf3 Qxc4 31. b3 Qc5+ 32. Kg2 Qc2+ 33. Kg3 f5 34. Rad1 h6 35. Rd8+ Kh7 36. Rd7 f4+ 0-1

[Event "Hampshire Open"]
[Site "Eastleigh"]
[Date "2009.11.07"]
[Round "2"]
[White "Tunks, Dominic R"]
[Black "Pye, David E"]
[Result "1-0"]
[WhiteElo "2136"]
[BlackElo "2040"]
[PlyCount "37"]
[EventDate "2009.11.06"]
[EventType "swiss"]
[EventRounds "6"]
[EventCountry "ENG"]
[SourceTitle "BritBase"]
[Source "John Saunders"]
[SourceDate "2025.01.31"]
[SourceVersion "1"]
[SourceVersionDate "2025.01.31"]
[SourceQuality "1"]

1. d4 Nf6 2. c4 e6 3. Nc3 Bb4 4. Qc2 c5 5. Nf3 cxd4 6. Nxd4 Nc6 7. Nxc6 bxc6 8. g3 O-O 9. Bg2 d5 10. O-O Bd7 11. Rd1 Qa5 12. Bd2 d4 13. a3 Bxc3 14. bxc3 dxc3 15. Bxc3 Qg5 16. Qd2 Qxd2 17. Rxd2 Bc8 18. Bxc6 Rb8 19. Bb4 1-0

[Event "Hampshire Open"]
[Site "Eastleigh"]
[Date "2009.11.07"]
[Round "2"]
[White "Williams, Peter Arthur"]
[Black "Lawson, Maurice E"]
[Result "1/2-1/2"]
[WhiteElo "2072"]
[BlackElo "2016"]
[PlyCount "55"]
[EventDate "2009.11.06"]
[EventType "swiss"]
[EventRounds "6"]
[EventCountry "ENG"]
[SourceTitle "BritBase"]
[Source "John Saunders"]
[SourceDate "2025.01.31"]
[SourceVersion "1"]
[SourceVersionDate "2025.01.31"]
[SourceQuality "1"]

1. d4 f5 2. g3 Nf6 3. Bg2 d5 4. Nf3 e6 5. Bf4 Bd6 6. Be5 O-O 7. O-O Ne4 8. c4 c6 9. Nbd2 Bxe5 10. Nxe5 Nxd2 11. Qxd2 Nd7 12. Nxd7 Bxd7 13. Rac1 Be8 14. b4 a6 15. a4 Qf6 16. b5 axb5 17. axb5 Ra4 18. bxc6 Bxc6 19. Qb2 Rxc4 20. Rxc4 dxc4 21. Bxc6 bxc6 22. Qc3 c5 23. Qxc4 cxd4 24. Rd1 Rd8 25. e3 dxe3 26. Rxd8+ Qxd8 27. Qxe6+ Kh8 28. Qxe3 1/2-1/2

[Event "Hampshire Open"]
[Site "Eastleigh"]
[Date "2009.11.07"]
[Round "3"]
[White "Cordner, David A"]
[Black "McDougall, Andrew"]
[Result "1/2-1/2"]
[WhiteElo "1952"]
[BlackElo "2072"]
[PlyCount "105"]
[EventDate "2009.11.06"]
[EventType "swiss"]
[EventRounds "6"]
[EventCountry "ENG"]
[SourceTitle "BritBase"]
[Source "John Saunders"]
[SourceDate "2025.01.31"]
[SourceVersion "1"]
[SourceVersionDate "2025.01.31"]
[SourceQuality "1"]

1. d4 Nf6 2. Bg5 d5 3. e3 c5 4. c3 e6 5. Nd2 Be7 6. Bd3 b6 7. Ngf3 Nbd7 8. O-O Bb7 9. Qe2 Ne4 10. Bxe7 Qxe7 11. Bb5 O-O 12. Bxd7 Qxd7 13. Ne5 Qe7 14. f4 f6 15. Nef3 Nd6 16. Rf2 Bc6 17. a4 Qe8 18. b3 Rc8 19. Qd3 Qe7 20. g4 Qb7 21. g5 Be8 22. gxf6 gxf6 23. Rg2+ Kh8 24. Nh4 Qe7 25. Kh1 c4 26. Qb1 cxb3 27. Qxb3 Nc4 28. Nxc4 dxc4 29. Qd1 Bc6 30. Nf3 Qb7 31. Rf2 Rg8 32. Qe2 Rg7 33. Rg1 Rcg8 34. Rxg7 Rxg7 35. Qf1 Bxa4 36. Qxc4 Bd1 37. Qf1 Ba4 38. h3 Rg3 39. Kh2 Qg7 40. Qa6 Bd7 41. Qxa7 h6 42. Qa8+ Kh7 43. Qe4+ Kg8 44. Ng5 hxg5 45. f5 Rxh3+ 46. Kxh3 exf5 47. Qd5+ Kh7 48. Kg3 Kg6 49. Rh2 Bc8 50. Qc6 Bd7 51. Qxb6 Qe7 52. Kf2 Qe4 53. Rh8 1/2-1/2